Guess every "Grow a garden" seeds - Statistics

General Stats
  • This quiz has been taken 1,826 times
    1,588 since last reset
  • The average score is 4 of 16
Answers on the Grid
Answers color-coded by a green-red scale on the quiz's grid according to % correct below.
Blueberry
Apple
Torchflower
Cactus
Golden carrot
Potato
Pumpkin
Melon
Bamboo
Orange
Cornflower
Coconut
Beetroot
Tomato
Wheat
Lemon
Carrot
Grape
Cauliflower
Blackberry
Orange tulip
Radish
Red tulip
Beanstalk
Banana
Plum
Burning Bud
Green Apple
Like my quiz!!
Avocado
 
Answer Stats
Answer % Correct
Blueberry
81%
Apple
74%
Cactus
48%
Pumpkin
29%
Bamboo
23%
Carrot
22%
Coconut
19%
Tomato
18%
Orange tulip
17%
Banana
16%
Beanstalk
16%
Avocado
15%
Burning Bud
15%
Grape
15%
Green Apple
14%
Cauliflower
10%
No matching quizzes found
Score Distribution
Percent of People with Each Score
Percentile by Number Answered
Your Score History
You have not taken this quiz since the last reset